| 000 | 00882nam a2200205Ia 4500 | ||
|---|---|---|---|
| 999 |
_c38339 _d38339 |
||
| 001 | 4349 | ||
| 003 | GE_BSU | ||
| 005 | 20191003154324.0 | ||
| 008 | 181216s1957||||ge |||||||||||||| ||geo|| | ||
| 040 | _cGE_BSU | ||
| 041 | _ageo | ||
| 080 | _a39(479.22) ს-24 | ||
| 245 |
_aმასალები საქართველოს ეთნოგრაფიისათვის : _bტ. 9 / _cრედ. გ. ჩიტაია. |
||
| 264 |
_aთბილისი _bსაქ. სსრ. მეცნ. აკად. გამ–ბა. _c1957 |
||
| 300 |
_a234 გვ. ; _b26 სმ. |
||
| 653 | _aეთნოგრაფია | ||
| 700 |
_aჩიტაია, გ. _eრედაქტორი _94476 |
||
| 710 |
_aსაქ. სსრ მეცნ. აკად., ივ. ჯავახიშვილის სახ. ისტ. ინ-ტი. _94103 |
||
| 942 |
_cBK _2udc |
||